Central Library OPAC University of Rajshahi

ترقی پسند تحریک اور اردو افسانہ ;; tarqi pasand tahrik or ardo afsana / (Record no. 85592)

MARC details
000 -LEADER
fixed length control field 00650nam a2200205 a 4500
001 - CONTROL NUMBER
control field 85592
003 - CONTROL NUMBER IDENTIFIER
rucl marc code BD-RjUL
005 - DATE AND TIME OF LATEST TRANSACTION
control field 20250828120219.0
008 - FIXED-LENGTH DATA ELEMENTS--GENERAL INFORMATION
fixed length control field 250828s1971 ii ||||| |||| 00| f urd d
035 ## - SYSTEM CONTROL NUMBER
System control number (BD-RjUL)85592
040 ## - CATALOGING SOURCE
Original cataloging agency BD-RjUL
Language of cataloging eng
Transcribing agency BD-RjUL
041 ## - LANGUAGE CODE
Language code of text/sound track or separate title urd
082 ## - DEWEY DECIMAL CLASSIFICATION NUMBER
Edition number 23
Classification number 891.439309
Author mark and year SAT 1971
100 ## - MAIN ENTRY--PERSONAL NAME
Personal name Sadiq
245 ## - TITLE STATEMENT
Title ترقی پسند تحریک اور اردو افسانہ ;; tarqi pasand tahrik or ardo afsana /
Statement of responsibility, etc. صادق ;; Sadiq
Remainder of title ۱۹۳۶سے ۱۹۵۶تک
260 ## - PUBLICATION, DISTRIBUTION, ETC. (IMPRINT)
Place of publication, distribution, etc. Delhi:
Name of publisher, distributor, etc. Urdu majlis,
Date of publication, distribution, etc. 1971
300 ## - PHYSICAL DESCRIPTION
Pagination 264 p. ;
Size 23 cm
650 ## - SUBJECT ADDED ENTRY--TOPICAL TERM
Topical term or geographic name as entry element Urdu fiction
Form subdivision History and criticism
9 (RLIN) 16698
942 ## - ADDED ENTRY ELEMENTS (KOHA)
Source of classification or shelving scheme Dewey Decimal Classification
Koha item type Books
Holdings
Lost status Source of classification or shelving scheme Damaged status Not for loan Collection code Permanent Location Current Location Shelving location Date acquired Full call number Date last seen Copy number Koha item type
  Dewey Decimal Classification   Not For Loan Fiction Central Library, University of Rajshahi Central Library, University of Rajshahi Fiction 28/08/2025 U 891.439309 SAT 1971 28/08/2025 C-1 Books